<?xml version="1.0" encoding="UTF-8"?>
<collection xmlns="http://www.loc.gov/MARC21/slim">
    <record>
        <controlfield tag="001">87213</controlfield>
        <controlfield tag="005">20200120113919.0</controlfield>
        <datafield tag="037" ind1=" " ind2=" ">
            <subfield code="a">TAZ-TFG-2019-4836</subfield>
        </datafield>
        <datafield tag="041" ind1=" " ind2=" ">
            <subfield code="a">spa</subfield>
        </datafield>
        <datafield tag="100" ind1="1" ind2=" ">
            <subfield code="a">Campos Lorén, Víctor</subfield>
        </datafield>
        <datafield tag="242" ind1="0" ind2="0">
            <subfield code="a">Comparative study of the non-indigenous invasive species Corbicula spp. in the Ebro river (middle section) and associated canals (Canal Imperial de Aragón and Canal de Tauste) and its relationship with freshwater mussels.</subfield>
        </datafield>
        <datafield tag="245" ind1="0" ind2="0">
            <subfield code="a">Estudio comparativo de la especie exótica invasora Corbicula spp. en el río Ebro (tramo medio) y canales asociados (Canal Imperial de Aragón y canal de Tauste) y su relación con las náyades autóctonas.</subfield>
        </datafield>
        <datafield tag="260" ind1=" " ind2=" ">
            <subfield code="a">Zaragoza</subfield>
            <subfield code="b">Universidad de Zaragoza</subfield>
            <subfield code="c">2019</subfield>
        </datafield>
        <datafield tag="506" ind1=" " ind2=" ">
            <subfield code="a">by-nc-sa</subfield>
            <subfield code="b">Creative Commons</subfield>
            <subfield code="c">3.0</subfield>
            <subfield code="u">http://creativecommons.org/licenses/by-nc-sa/3.0/</subfield>
        </datafield>
        <datafield tag="520" ind1=" " ind2=" ">
            <subfield code="a">Las  especies invasoras han sido y son un importante problema en la cuenca del río Ebro. Actualmente, la almeja asiática (Corbicula spp.), presente aquí desde 2006-2007, puede estar influyendo en el declive de las poblaciones de náyades autóctonas, tanto en el propio río como en los canales asociados (Canal de Tauste y Canal Imperial de Aragón). Por ello el objetivo de este trabajo es estudiar la densidad y tamaño de almeja asiática (Corbicula spp) y náyades autóctonas en diversos puntos del río Ebro entre Tudela y Zaragoza y la relación entre ambas.&lt;br />Se han realizado muestreos en localidades con presencia conocida de náyades. Las densidades de la especie Potomida littoralis son actualmente de 0,09 ind/m2 de vivas y 0,33 ind/m2 de muertas, esto es mucha mayor proporción de vivas que en los canales. La densidad media de almeja asiática viva en 2018 es de 980,99 ind/m2, similar a las encontrada en los canales, aunque estos muestreos han sido dirigidos hacia buenos hábitats para bivalvos. Corbicula spp. alcanza grandes tamaños tanto en la zona alta como en la baja del río. Hay una correlación positiva y significativa entre densidad o biomasa de Corbicula spp. viva y densidad de náyades muertas. Ello podría ser efecto de la competencia entre ambas especies. &lt;br />&lt;br /></subfield>
        </datafield>
        <datafield tag="521" ind1=" " ind2=" ">
            <subfield code="a">Graduado en Ciencias Ambientales</subfield>
        </datafield>
        <datafield tag="540" ind1=" " ind2=" ">
            <subfield code="a">Derechos regulados por licencia Creative Commons</subfield>
        </datafield>
        <datafield tag="700" ind1=" " ind2=" ">
            <subfield code="a">Guerrero Campo, Joaquín </subfield>
            <subfield code="e">dir.</subfield>
        </datafield>
        <datafield tag="700" ind1=" " ind2=" ">
            <subfield code="a"> Nakamura Antonacci, Keiko</subfield>
            <subfield code="e">dir.</subfield>
        </datafield>
        <datafield tag="710" ind1="2" ind2=" ">
            <subfield code="a">Universidad de Zaragoza</subfield>
            <subfield code="b">Ciencias Agrarias y del Medio Natural</subfield>
            <subfield code="c">Ecología</subfield>
        </datafield>
        <datafield tag="856" ind1="0" ind2=" ">
            <subfield code="f">679414@celes.unizar.es</subfield>
        </datafield>
        <datafield tag="856" ind1="4" ind2=" ">
            <subfield code="s">3204210</subfield>
            <subfield code="u">http://zaguan.unizar.es/record/87213/files/TAZ-TFG-2019-4836.pdf</subfield>
            <subfield code="y">Memoria (spa)</subfield>
        </datafield>
        <datafield tag="909" ind1="C" ind2="O">
            <subfield code="o">oai:zaguan.unizar.es:87213</subfield>
            <subfield code="p">driver</subfield>
            <subfield code="p">trabajos-fin-grado</subfield>
        </datafield>
        <datafield tag="950" ind1=" " ind2=" ">
            <subfield code="a"></subfield>
        </datafield>
        <datafield tag="951" ind1=" " ind2=" ">
            <subfield code="a">deposita:2020-01-20</subfield>
        </datafield>
        <datafield tag="980" ind1=" " ind2=" ">
            <subfield code="a">TAZ</subfield>
            <subfield code="b">TFG</subfield>
            <subfield code="c">EPSHUES</subfield>
        </datafield>
        <datafield tag="999" ind1=" " ind2=" ">
            <subfield code="a">20191129113820.CREATION_DATE</subfield>
        </datafield>
    </record>

    
</collection>